| 000 | 00693nam a22002177a 4500 | ||
|---|---|---|---|
| 999 |
_c2605 _d2605 |
||
| 003 | AR-CdUCM | ||
| 008 | 190305b ||||| |||| 00| 0 spa d | ||
| 040 |
_aMUNICIPALIDAD PROVINCIAL DEL CUSCO _cBIBLIOTECA MUNICIPAL DEL CUSCO |
||
| 041 | _hfre | ||
| 082 |
_a869.70 / _bT17 |
||
| 100 |
_aDe Tallenay, Jenny _99184 |
||
| 245 |
_aRecuerdos de Venezuela : _b(Apuntes de un viaje) / |
||
| 260 |
_aCaracas : _bMinisterio de Educación Dirección de Cultura y Bellas Artes, _c1954. |
||
| 300 |
_a258 páginas ; _c17 cm. |
||
| 440 |
_aBiblioteca Popular Venezolana _99185 |
||
| 650 |
_aNovela _95 |
||
| 650 |
_aVenezuela _92312 |
||
| 650 |
_aMemorias _9235 |
||
| 942 |
_2ddc _cLIBROS |
||
| 945 | _admma | ||